| 000 | 01296nam a2200253Ia 4500 | ||
|---|---|---|---|
| 003 | Ost | ||
| 005 | 20260507075009.0 | ||
| 008 | 260507s9999||||xx |||||||||||||| ||und|| | ||
| 020 | _a9957121332 | ||
| 040 | _cfsecg | ||
| 041 | _aara | ||
| 082 | _a658.72 | ||
| 100 |
_aموسى، غانم فنجان _eمؤلف |
||
| 245 | 0 |
_aإدارة المشتريات / _c غانم فنجان موسى |
|
| 260 |
_aعمان: _bدار اليازوري العلمية للنشر, _c2008 |
||
| 300 |
_a324 صفحة؛ _bإيضاحات ؛ _c24 سم |
||
| 520 | _aتناول الكتاب اهداف ووظائف ادارة المشتريات ، تنظيم ادارة المشتريات، طرق الشراء وسياسات الشراء و اختيار مصادر الشراء واختيار مصادر الشراء، شراء السلع الاستهلاكية، الانتاجية ومستندات، سجلات ادارة المشتريات، موازنة المشتريات، تقويم اداء ادارة المشتريات، المصطلحات الانجليزية. | ||
| 653 | _aإدارة المشتريات | ||
| 653 | _aإدارةالمخازن | ||
| 653 | _aالتوريدات | ||
| 653 | _aالشراء | ||
| 700 |
_aمحمد، عبد حسين _eمؤلف ثانوي |
||
| 942 | _cكتاب | ||
| 999 |
_c42146 _d42146 |
||